[Event "Astana Zhuldyzdary Open A"]
[Site "Astana KAZ"]
[Date "2023.07.12"]
[Round "3.35"]
[White "Sisabayev, Kuanysh"]
[Black "Tleukhanov, Yerlan"]
[Result "1/2-1/2"]
[WhiteTitle "FM"]
[WhiteElo "2235"]
[BlackElo "1853"]
[WhiteFideId "13702718"]
[BlackFideId "13749692"]
[EventDate "2023.07.11"]

1. e4 e5 2. Nf3 Nc6 3. Bc4 Nf6 4. d3 Bc5 5. O-O O-O 6. Nc3 a6 7. a3 h6 8. Be3
Ba7 9. Bxa7 Rxa7 10. Nd2 d6 11. f4 exf4 12. Rxf4 Ne5 13. Bb3 Ng6 14. Rf1 Be6 15.
Qf3 Ra8 16. h3 c6 17. Rae1 Kh7 18. Kh1 Qa5 19. Bxe6 fxe6 20. Nc4 Qg5 21. Qe3
Qxe3 22. Nxe3 b5 23. Ne2 c5 24. Nf4 Nxe4 25. Nxe6 Ng3+ 26. Kg1 Rfe8 27. Nc7 Nxf1
28. Nxe8 Rxe8 29. Kxf1 Nf4 30. h4 Kg6 31. g3 Nh5 32. Kf2 Nf6 33. Ng2 Ng4+ 34.
Kf3 Rxe1 35. Nxe1 Kf5 36. Ng2 g5 37. hxg5 hxg5 38. Ke2 d5 39. c3 c4 40. Kd2 a5
41. Ke2 cxd3+ 42. Kxd3 Nf2+ 43. Ke2 Nh1 44. Ne3+ Ke4 45. g4 Ng3+ 46. Kf2 Nh1+
47. Ke2 Ng3+ 48. Kf2 Nh1+ 1/2-1/2

[Event "Astana Zhuldyzdary Open A"]
[Site "Astana KAZ"]
[Date "2023.07.12"]
[Round "3.36"]
[White "Khamdamova, Afruza"]
[Black "Zhakan, Erasyl"]
[Result "1-0"]
[WhiteTitle "WFM"]
[WhiteElo "2222"]
[BlackElo "1813"]
[WhiteFideId "14210444"]
[BlackFideId "13722271"]
[EventDate "2023.07.11"]

1. e4 c5 2. Nf3 e6 3. d4 cxd4 4. Nxd4 Nf6 5. Nc3 Nc6 6. Ndb5 Bc5 7. Bf4 O-O 8.
Bc7 Qe7 9. Bd6 Bxd6 10. Qxd6 Ne8 11. Qxe7 Nxe7 12. O-O-O f5 13. e5 Ng6 14. Re1
a6 15. Nd4 b6 16. h4 Nc7 17. Na4 Rb8 18. h5 Ne7 19. Rh3 Rd8 20. Rb3 b5 21. Nc5
d6 22. exd6 Rxd6 23. Rd3 Rbb6 24. Nf3 Rxd3 25. Nxd3 Rd6 26. Nfe5 Nc6 27. Nxc6
Rxc6 28. Ne5 Rd6 29. Re3 Nd5 30. Rd3 Kf8 31. g3 Ke7 32. Bg2 Nf6 33. Rc3 Bd7 34.
Bf3 Be8 35. Rc7+ Kf8 36. b3 Bxh5 37. Bxh5 Nxh5 38. c4 bxc4 39. bxc4 Rd4 40. Rc8+
Ke7 41. Nc6+ Kd7 42. Rd8+ Kxc6 43. Rxd4 Kc5 44. Rh4 Nf6 45. Kc2 h6 46. Kd3 Ne4
47. Rh2 Nf6 48. f4 h5 49. Rb2 Kc6 50. Rb8 Ne4 51. Rg8 Nxg3 52. Rxg7 Ne4 53. Rh7
Nf2+ 54. Kd4 Nh3 55. Ke5 Kc5 56. Kxe6 Kxc4 57. Kxf5 Kb4 58. Ke4 1-0

[Event "Astana Zhuldyzdary Open A"]
[Site "Astana KAZ"]
[Date "2023.07.12"]
[Round "3.37"]
[White "Kaliakhmet, Elnaz"]
[Black "Loskutova, Viktoriya"]
[Result "0-1"]
[WhiteTitle "WFM"]
[BlackTitle "WFM"]
[WhiteElo "1818"]
[BlackElo "2185"]
[WhiteFideId "13730169"]
[BlackFideId "34166278"]
[EventDate "2023.07.11"]

1. d4 Nf6 2. c4 e6 3. Nf3 d5 4. Nc3 c6 5. e3 Nbd7 6. Qc2 Bd6 7. Bd3 O-O 8. O-O
dxc4 9. Bxc4 e5 10. dxe5 Nxe5 11. Nxe5 Bxe5 12. h3 Qe7 13. Bd2 Bc7 14. Rad1 Re8
15. Rfe1 Qe5 16. f4 Qe7 17. b3 Nh5 18. Bc1 Bb6 19. Na4 Ba5 20. Nc3 Qh4 21. b4
Bb6 22. Ne4 Be6 23. Nc5 Bxc5 24. bxc5 Bxc4 25. Qxc4 Re6 26. Rf1 Qe7 27. Rd4 Nf6
28. Rfd1 Re8 29. Re1 Ne4 30. Ba3 b5 31. Qd3 Qh4 32. Rf1 Nf6 33. f5 Re4 34. Rxe4
Qxe4 35. Rd1 Nd5 36. Bc1 a5 37. Qxe4 Rxe4 38. Kf2 g6 39. fxg6 hxg6 40. Kf3 f5
41. g4 Kf7 42. gxf5 gxf5 43. Rg1 Rh4 44. Rg3 Nc3 45. Bb2 Ne4 46. Rg7+ Ke6 47.
Kg2 Nxc5 48. Bd4 Ne4 49. Ra7 a4 50. Rc7 Kd5 51. Rd7+ Kc4 52. Be5 c5 53. Rd1 b4
54. Rc1+ Kd3 55. Bf4 Nc3 56. Bd6 b3 57. axb3 axb3 58. Be5 Rc4 59. Bxc3 Rxc3 60.
Rf1 b2 0-1

[Event "Astana Zhuldyzdary Open A"]
[Site "Astana KAZ"]
[Date "2023.07.12"]
[Round "3.38"]
[White "Tokbayev, Anuar"]
[Black "Rakhimzhan, Alen"]
[Result "0-1"]
[BlackTitle "FM"]
[WhiteElo "1809"]
[BlackElo "2154"]
[WhiteFideId "13724703"]
[BlackFideId "13707213"]
[EventDate "2023.07.11"]

1. d4 d5 2. c4 e6 3. Nf3 Nf6 4. g3 Be7 5. Bg2 O-O 6. O-O c6 7. Nc3 b6 8. b3 Ba6
9. Nd2 Nbd7 10. Bb2 b5 11. e4 bxc4 12. e5 Ne8 13. bxc4 Nb6 14. Re1 Nxc4 15. Nxc4
Bxc4 16. f4 Rb8 17. Qc2 c5 18. Na4 cxd4 19. Bxd4 Qa5 20. Kh1 Nc7 21. Nb2 Nb5 22.
Bg1 Na3 23. Qf2 Ba6 24. Rac1 d4 25. Be4 Bb7 26. Nd3 Rfd8 27. Qf3 Bxe4 28. Qxe4
Nb5 29. f5 Nc3 30. Qf3 exf5 31. e6 f6 32. Nf4 g5 33. Ng2 g4 34. Qf4 Rb2 0-1

[Event "Astana Zhuldyzdary Open A"]
[Site "Astana KAZ"]
[Date "2023.07.12"]
[Round "3.39"]
[White "Shonazarov, Orash"]
[Black "Danielyan, Vahe"]
[Result "1-0"]
[BlackTitle "IM"]
[WhiteElo "2018"]
[BlackElo "2346"]
[WhiteFideId "13737910"]
[BlackFideId "13304828"]
[EventDate "2023.07.11"]

1. e4 c5 2. Nf3 e6 3. d4 cxd4 4. Nxd4 Nc6 5. Nc3 Qc7 6. Be3 a6 7. Qf3 h5 8. Qg3
d6 9. h4 Nf6 10. f3 Ne5 11. O-O-O Bd7 12. Qf2 b5 13. a3 Nc4 14. Bxc4 bxc4 15. g4
hxg4 16. Bg5 g3 17. Qxg3 Rb8 18. h5 Nxh5 19. Qe1 Qb6 20. b4 cxb3 21. Nxb3 a5 22.
Nd5 Qc6 23. Qxa5 f6 24. Nb4 Qb7 25. Bxf6 gxf6 26. Rxh5 Ra8 27. Rxh8 Rxa5 28.
Nxa5 Qc7 29. Nb3 Ba4 30. Rg1 d5 31. Rgg8 Qf4+ 32. Nd2 Qe3 33. Nd3 Bb5 34. exd5
Bxd3 35. cxd3 Qxd3 36. Rxf8+ Ke7 37. Re8+ Kd6 38. dxe6 Qxa3+ 39. Kc2 Qa2+ 40.
Kd3 Qa3+ 41. Ke2 Qa6+ 42. Kf2 Qa7+ 43. Kg2 Qg7+ 44. Kf1 f5 45. Nc4+ Kd5 46. Ne3+
Ke5 47. e7 Kf4 48. Ra8 Qb2 49. e8=Q Qc1+ 50. Kg2 1-0

[Event "Astana Zhuldyzdary Open A"]
[Site "Astana KAZ"]
[Date "2023.07.12"]
[Round "3.40"]
[White "Assylov, Miras"]
[Black "Abdilkhair, Abilmansur"]
[Result "1/2-1/2"]
[BlackTitle "FM"]
[WhiteElo "2012"]
[BlackElo "2248"]
[WhiteFideId "13728873"]
[BlackFideId "13716417"]
[EventDate "2023.07.11"]

1. e4 c6 2. d4 d5 3. e5 c5 4. dxc5 Nc6 5. a3 Nxe5 6. Bb5+ Nc6 7. Nf3 Bg4 8. h3
Bxf3 9. Qxf3 e6 10. b4 Be7 11. Bb2 Bf6 12. Bxf6 Qxf6 13. Qxf6 Nxf6 14. Nd2 Ke7
15. Nb3 Rhc8 16. f3 Nb8 1/2-1/2

[Event "Astana Zhuldyzdary Open A"]
[Site "Astana KAZ"]
[Date "2023.07.12"]
[Round "3.41"]
[White "Dushatov, Timur"]
[Black "Arestanov, Timur"]
[Result "0-1"]
[BlackTitle "FM"]
[WhiteElo "1989"]
[BlackElo "2216"]
[WhiteFideId "13781901"]
[BlackFideId "13701304"]
[EventDate "2023.07.11"]

1. e4 c5 2. Nf3 e6 3. d4 cxd4 4. Nxd4 a6 5. Nc3 Qc7 6. Bd3 Nf6 7. O-O b5 8. Qe2
d6 9. Bd2 Bb7 10. Rae1 Nbd7 11. Kh1 Nc5 12. b4 Nxd3 13. cxd3 Be7 14. a3 O-O 15.
Rc1 Qd7 16. Nb3 Rac8 17. Na5 Ba8 18. Be3 e5 19. Nb3 Qe6 20. Nd2 Ng4 21. d4 Nxe3
22. Qxe3 exd4 23. Qxd4 Bf6 24. Qd3 Rxc3 25. Rxc3 Bxc3 26. Qxc3 Bxe4 27. Qd4 Bd5
28. Rc1 Re8 29. Nf1 Qe4 30. Qxe4 Bxe4 31. Ne3 d5 32. Rd1 g5 33. h3 Kg7 34. Kh2
Rd8 35. f3 d4 36. Ng4 Bc2 37. Rd2 d3 38. Ne5 Kf6 39. Ng4+ Ke6 40. Kg1 Kd5 41.
Kf2 Kc4 0-1

[Event "Astana Zhuldyzdary Open A"]
[Site "Astana KAZ"]
[Date "2023.07.12"]
[Round "3.42"]
[White "Temirov, Bakhyt"]
[Black "Smirnov, Mark"]
[Result "0-1"]
[WhiteTitle "FM"]
[BlackTitle "CM"]
[WhiteElo "2166"]
[BlackElo "1931"]
[WhiteFideId "13704745"]
[BlackFideId "13764594"]
[EventDate "2023.07.11"]

1. Nf3 Nf6 2. g3 b5 3. Bg2 Bb7 4. d3 c5 5. O-O d6 6. c3 e6 7. a4 a6 8. axb5 axb5
9. Rxa8 Bxa8 10. Na3 Bc6 11. d4 Nbd7 12. dxc5 dxc5 13. Ne1 Qc8 14. Bxc6 Qxc6 15.
Qb3 b4 16. cxb4 cxb4 17. Nac2 Qb5 18. Nd3 Be7 19. Ndxb4 Qxe2 20. Nd4 Qg4 21.
Ndc6 Qh3 22. Qf3 Bxb4 23. Nxb4 O-O 24. Bf4 e5 25. Bd2 e4 26. Qg2 Qf5 27. f3 Qc5+
28. Qf2 Qh5 29. Bc3 Ne5 30. g4 Qg5 31. h4 Qf4 32. Bxe5 Qxe5 33. g5 e3 34. Qh2
Qc5 35. Nd3 Qd4 36. gxf6 Qxd3 37. Qg3 g6 38. Qe5 Qd2 39. Qc3 Qd6 40. Kg2 Re8 41.
Re1 Qf4 42. Re2 h5 43. Qc6 Re6 44. Qa8+ Kh7 0-1

[Event "Astana Zhuldyzdary Open A"]
[Site "Astana KAZ"]
[Date "2023.07.12"]
[Round "3.43"]
[White "Balmagambetov, Timur"]
[Black "Kolosovskiy, Anton"]
[Result "1-0"]
[WhiteElo "2143"]
[BlackElo "1933"]
[WhiteFideId "13730258"]
[BlackFideId "13705571"]
[EventDate "2023.07.11"]

1. e4 c5 2. Nf3 d6 3. d4 cxd4 4. Nxd4 Nf6 5. Nc3 a6 6. Bd3 Nbd7 7. O-O g6 8. Re1
Bg7 9. Bf1 O-O 10. a4 Ne5 11. Nb3 Be6 12. Nd5 Rc8 13. c3 Re8 14. a5 Nc4 15. Ra4
Bxd5 16. exd5 b5 17. axb6 Nxb6 18. Ra5 Nbxd5 19. Rxd5 Nxd5 20. Qxd5 Rb8 21. Na5
e6 22. Qa2 Qb6 23. Nc4 Qc6 24. Qa5 d5 25. Ne5 Bxe5 26. Rxe5 f6 27. Re1 Rb6 28.
Rd1 Reb8 29. Qa3 a5 30. c4 dxc4 31. Qe7 R6b7 32. Qxf6 a4 33. Bh6 Re8 34. Rc1 Rf7
35. Qd4 Rd7 36. Qc3 Red8 37. h3 Rd4 38. Be2 Kf7 39. Be3 R4d7 40. Qe5 1-0

[Event "Astana Zhuldyzdary Open A"]
[Site "Astana KAZ"]
[Date "2023.07.12"]
[Round "3.44"]
[White "Bulatov, Ramil"]
[Black "Nurgaliyeva, Zarina"]
[Result "1-0"]
[BlackTitle "WFM"]
[WhiteElo "2132"]
[BlackElo "1921"]
[WhiteFideId "4166140"]
[BlackFideId "13730096"]
[EventDate "2023.07.11"]

1. d4 Nf6 2. c4 e6 3. Nf3 d5 4. Nc3 dxc4 5. e4 Bb4 6. Bxc4 Nxe4 7. O-O Nf6 8.
Bg5 O-O 9. Qe2 Bxc3 10. bxc3 Nbd7 11. Rad1 c6 12. Ne5 Qa5 13. Rd3 Nd5 14. Rg3 g6
15. Bh6 Re8 16. h4 Nxe5 17. Qxe5 f6 18. Qe2 Kf7 19. h5 Ne7 20. hxg6+ hxg6 21.
Bd2 Bd7 22. Re1 Nf5 23. Rh3 Kg7 24. Qf3 Rh8 25. g4 Rxh3 26. Qxh3 Rh8 27. Qd3 Nd6
28. Bb3 Nf7 29. Bc2 f5 30. c4 Qc7 31. f4 Rh4 32. gxf5 gxf5 33. Re2 Nh6 34. d5
cxd5 35. Bc3+ Kf7 36. Qd4 Rg4+ 37. Kh1 Qd8 38. cxd5 Qe7 39. dxe6+ Bxe6 40. Bb3
Qh4+ 41. Rh2 Bxb3 42. Rxh4 Rxh4+ 43. Kg2 Rg4+ 44. Kf3 Bxa2 45. Qf6+ Ke8 46. Qxh6
Bd5+ 47. Kf2 Bf7 48. Bb4 Bg6 49. Qf8+ Kd7 50. Qd6+ Kc8 51. Bc3 1-0

[Event "Astana Zhuldyzdary Open A"]
[Site "Astana KAZ"]
[Date "2023.07.12"]
[Round "3.45"]
[White "Mazhkenov, Alisher"]
[Black "Boran, Shyngys"]
[Result "1-0"]
[WhiteElo "2119"]
[BlackElo "1891"]
[WhiteFideId "13718983"]
[BlackFideId "13715429"]
[EventDate "2023.07.11"]

1. e4 c5 2. Nf3 d6 3. d4 cxd4 4. Nxd4 Nf6 5. Nc3 Nc6 6. Bg5 e6 7. Qd2 a6 8.
O-O-O Be7 9. f4 Bd7 10. Nf3 h6 11. Bxf6 gxf6 12. f5 Qa5 13. Bc4 O-O-O 14. Kb1
Kb8 15. a3 Ne5 16. Bb3 Rc8 17. fxe6 fxe6 18. Ne2 Qc5 19. Nf4 Nxf3 20. gxf3 Qe5
21. Ng6 1-0

[Event "Astana Zhuldyzdary Open A"]
[Site "Astana KAZ"]
[Date "2023.07.12"]
[Round "3.46"]
[White "Amirali, Abzal"]
[Black "Karibayev, Dimash"]
[Result "1-0"]
[WhiteElo "2062"]
[BlackElo "1876"]
[WhiteFideId "13733346"]
[BlackFideId "13720333"]
[EventDate "2023.07.11"]

1. c4 c5 2. Nc3 Nc6 3. Nf3 Nf6 4. e3 e6 5. d4 d5 6. cxd5 exd5 7. Be2 cxd4 8.
Nxd4 Bd6 9. O-O O-O 10. b3 Nxd4 11. Qxd4 Qc7 12. Nb5 Bxh2+ 13. Kh1 Qe5 14. Ba3
Re8 15. Qh4 Ne4 16. Qxh2 Nxf2+ 17. Kg1 Ne4 18. Qxe5 Rxe5 19. Bd3 Bg4 20. Bxe4
dxe4 21. Nd6 Bh5 22. Nxb7 Rd5 23. Rac1 Rd3 24. Rc7 Rd2 25. Rf2 Rd1+ 26. Kh2 Re8
27. Nd6 Rf8 28. Bb2 1-0

[Event "Astana Zhuldyzdary Open A"]
[Site "Astana KAZ"]
[Date "2023.07.12"]
[Round "3.47"]
[White "Amangeldy, Ernur"]
[Black "Maevsky, Nikolay"]
[Result "1/2-1/2"]
[BlackTitle "FM"]
[WhiteElo "1932"]
[BlackElo "2277"]
[WhiteFideId "13720244"]
[BlackFideId "4198220"]
[EventDate "2023.07.11"]

1. d4 d5 2. c4 c6 3. Nf3 Nf6 4. Nc3 dxc4 5. a4 Bf5 6. e3 e6 7. Bxc4 Bb4 8. O-O
O-O 9. Qb3 Qb6 10. Bd2 Nbd7 11. e4 Bxc3 12. exf5 Qxb3 13. Bxb3 Bxd2 14. fxe6 Ba5
15. exd7 Rad8 16. Rad1 Nxd7 17. Ne5 Nf6 18. Nc4 Bb4 19. Ne3 Ne4 20. Nc2 Ba5 21.
Ba2 Rfe8 22. f3 Nf6 23. b4 Bc7 24. Rfe1 Kf8 25. g3 a5 26. bxa5 Bxa5 27. Rxe8+
Kxe8 28. Rb1 Rd7 29. Kf1 h5 30. Ke2 Kd8 31. Kd3 Kc7 32. Rc1 Bb6 33. Re1 Bxd4 34.
Nxd4 c5 35. Bxf7 Rxd4+ 36. Kc3 Rxa4 37. Re7+ Kc6 38. Bb3 Rd4 39. Rxg7 b5 40. Rg6
Rd6 41. Rg5 Kb6 42. h4 c4 43. Bxc4 bxc4 44. Kxc4 Kc6 45. g4 hxg4 46. fxg4 Ne4
47. Rg7 1/2-1/2

[Event "Astana Zhuldyzdary Open A"]
[Site "Astana KAZ"]
[Date "2023.07.12"]
[Round "3.48"]
[White "Nauryzgaliev, Amangeldy"]
[Black "Balabayeva, Xeniya"]
[Result "0-1"]
[BlackTitle "WIM"]
[WhiteElo "1894"]
[BlackElo "2239"]
[WhiteFideId "13707434"]
[BlackFideId "13719688"]
[EventDate "2023.07.11"]

1. d4 d5 2. c4 e6 3. Nf3 Nf6 4. g3 Be7 5. Bg2 O-O 6. b3 dxc4 7. bxc4 c5 8. e3
Nc6 9. O-O Na5 10. Qd3 Qc7 11. Nbd2 Rd8 12. Bb2 b6 13. Ne5 Bb7 14. Bxb7 Qxb7 15.
Qe2 Rac8 16. Nb3 Nc6 17. Nd3 Qa6 18. Rfc1 cxd4 19. exd4 Ba3 20. Bxa3 Qxa3 21.
Qe3 Ne7 22. Nf4 Nf5 23. Qe5 Ne7 24. Qe3 h6 25. h3 Rc7 26. Kg2 Qa4 27. c5 b5 28.
Qe5 Rcc8 29. Ne2 b4 30. Qe3 a5 31. Qf3 Nc6 32. a3 bxa3 33. Qc3 Nb4 34. Kg1 a2
35. Qc4 Nfd5 36. Nc3 Nxc3 37. Rxc3 Qa3 38. Rac1 Qb2 39. Kf1 a4 40. Qxb4 axb3 0-1

[Event "Astana Zhuldyzdary Open A"]
[Site "Astana KAZ"]
[Date "2023.07.12"]
[Round "3.49"]
[White "Kanaev, Ardak"]
[Black "Kvan, Andrey"]
[Result "0-1"]
[WhiteElo "1865"]
[BlackElo "2228"]
[WhiteFideId "13701533"]
[BlackFideId "13701738"]
[EventDate "2023.07.11"]

1. c4 f5 2. d4 Nf6 3. Nc3 e6 4. g3 d5 5. Bg2 c6 6. Nf3 Bd6 7. O-O O-O 8. Qc2 Ne4
9. Nxe4 dxe4 10. Ne5 c5 11. Be3 Qc7 12. f4 b6 13. Rfd1 Bb7 14. dxc5 bxc5 15. Rd2
Nc6 16. Nxc6 Bxc6 17. Rad1 Be7 18. Qc3 Rfc8 19. Qa3 Be8 20. g4 g6 21. Qa6 Qc6
22. Qxc6 Rxc6 23. g5 Rb8 24. Rc2 Rcb6 25. Bc1 Kf7 26. Kf2 a5 27. h4 Ba4 28. b3
Be8 29. h5 gxh5 30. Rh1 Kg8 31. Rd2 a4 32. bxa4 Rb4 33. a3 Rxc4 34. Bb2 Rb3 35.
e3 Rd3 36. Rhd1 Rxd2+ 37. Rxd2 Rxa4 38. Bf1 c4 39. Rc2 Bb5 40. Bc1 Kf7 41. Rb2
Bc6 42. Rc2 Bd5 43. Be2 h6 44. Bb2 Kg6 45. gxh6 Kxh6 46. Rc1 h4 47. Rg1 Ra8 48.
Bg7+ Kh7 49. Be5 Bxa3 50. Rg7+ Kh6 51. Rc7 Bc1 52. Bd4 h3 53. Kg3 Bxe3 54. Bxe3
Ra3 0-1

[Event "Astana Zhuldyzdary Open A"]
[Site "Astana KAZ"]
[Date "2023.07.12"]
[Round "3.50"]
[White "Doschanov, Zhaslan"]
[Black "Zvereva, Margarita"]
[Result "1/2-1/2"]
[BlackTitle "WFM"]
[WhiteElo "2193"]
[BlackElo "1857"]
[WhiteFideId "13701207"]
[BlackFideId "34177741"]
[EventDate "2023.07.11"]

1. Nf3 Nf6 2. c4 e6 3. b3 d5 4. e3 c5 5. cxd5 Nxd5 6. Bb2 Nc6 7. Be2 Nf6 8. O-O
Be7 9. d4 cxd4 10. Nxd4 Bd7 11. Bf3 Qb6 12. Nd2 Ne5 13. Be2 O-O 14. Nf5 exf5 15.
Bxe5 Bb5 16. Bd4 Bc5 17. Bxf6 Bxe2 18. Qxe2 Qxf6 19. Rac1 b6 20. Nf3 Rfe8 21.
Rc4 Re4 22. g3 Rae8 23. Rd1 g6 24. Qc2 Qe7 25. Rd5 Rxc4 26. Qxc4 Qe4 27. Nd2
Qxc4 28. Nxc4 Kg7 29. Ne5 Kf6 30. Nd3 Be7 31. Kf1 Rd8 32. Rd4 Ke6 33. Ke2 Bf6
34. Nf4+ Ke5 35. Kd3 b5 36. f3 a6 37. Kc3 g5 38. Rxd8 Bxd8 39. Nd3+ Kd6 40. Nb4
a5 41. Nc2 b4+ 42. Kc4 Ke5 43. Nd4 Bb6 44. Kb5 Bxd4 45. exd4+ Kxd4 46. Kxa5 f4
47. gxf4 gxf4 48. Kxb4 Ke3 49. a4 Kxf3 50. a5 Ke3 51. a6 f3 52. a7 f2 53. a8=Q
f1=Q 54. Qa7+ Ke4 55. Qe7+ Kd3 56. Qd6+ Kc2 57. Qc6+ Kb2 58. Qe4 f5 59. Qc4 Qe1+
60. Ka4 Qe8+ 61. Ka5 Qa8+ 62. Kb6 Qb8+ 63. Kc5 Qxh2 64. b4 Qe5+ 65. Qd5 Qc7+ 66.
Kb5 Qb8+ 67. Kc4 Qc7+ 68. Qc5 Qf7+ 69. Qd5 Qc7+ 70. Qc5 Qf7+ 1/2-1/2

[Event "Astana Zhuldyzdary Open A"]
[Site "Astana KAZ"]
[Date "2023.07.12"]
[Round "3.51"]
[White "Volchkova, Alena"]
[Black "Zhunusov, Murat"]
[Result "1/2-1/2"]
[BlackTitle "IM"]
[WhiteElo "1824"]
[BlackElo "2028"]
[WhiteFideId "54104408"]
[BlackFideId "13701002"]
[EventDate "2023.07.11"]

1. e4 e6 2. d4 d5 3. Nc3 Nf6 4. Bg5 Bb4 5. e5 h6 6. Bc1 Nfd7 7. Qg4 Kf8 8. Nf3
a6 9. h4 Be7 10. Rh3 Kg8 11. Rg3 Qf8 12. Qh5 c5 13. Nh2 f5 14. Bxh6 Qf7 15.
Qxf7+ Kxf7 16. Rxg7+ Ke8 17. Bg5 Bf8 18. Rxd7 Kxd7 19. Nf3 cxd4 20. Ne2 Bb4+ 21.
Kd1 Be7 22. Bxe7 Kxe7 23. Nexd4 Nc6 24. g3 Bd7 25. Kd2 Rag8 26. Ke3 Rg4 27. c3
Be8 28. Bh3 Re4+ 29. Kd2 Bh5 30. Ng5 Rxe5 31. f4 Re4 32. Nxe4 dxe4 33. Bg2 Rd8
34. Ke3 Rg8 35. Kf2 Kd6 36. Re1 Be8 37. Re3 Bd7 1/2-1/2

[Event "Astana Zhuldyzdary Open A"]
[Site "Astana KAZ"]
[Date "2023.07.12"]
[Round "3.52"]
[White "Tkachyov, Adil"]
[Black "Dumanuly, Sultanbeibarys"]
[Result "0-1"]
[WhiteElo "1979"]
[BlackElo "1833"]
[WhiteFideId "13713558"]
[BlackFideId "13731963"]
[EventDate "2023.07.11"]

1. d4 d5 2. c4 c6 3. cxd5 cxd5 4. Nc3 Nf6 5. Bf4 Nc6 6. e3 a6 7. Be2 Bf5 8. Nf3
e6 9. Qb3 Nh5 10. O-O Nxf4 11. exf4 Bd6 12. g3 O-O 13. a3 b5 14. Rfc1 Qb6 15.
Qd1 h6 16. Ne5 Bxe5 17. dxe5 d4 18. Na2 Rfd8 19. Bd3 Bxd3 20. Qxd3 a5 21. b3 Ne7
22. b4 Nd5 23. Rab1 axb4 24. Nxb4 Nc3 25. Rb3 Qc5 26. Kg2 Qc4 27. Qc2 Rac8 28.
Nd3 Ne2 29. Qxe2 Qxb3 30. Ra1 Rc2 31. Qf3 Rc3 0-1

[Event "Astana Zhuldyzdary Open A"]
[Site "Astana KAZ"]
[Date "2023.07.12"]
[Round "3.53"]
[White "Khamit, Daulet"]
[Black "Amirkul, Alimzhan"]
[Result "0-1"]
[WhiteElo "1822"]
[BlackElo "1975"]
[WhiteFideId "13709542"]
[BlackFideId "13718428"]
[EventDate "2023.07.11"]

1. d4 Nf6 2. Bf4 e6 3. e3 d5 4. Nf3 Be7 5. Nbd2 O-O 6. Bd3 b6 7. Ne5 Bb7 8. Qf3
Nbd7 9. g4 Nxe5 10. dxe5 Nd7 11. Qh3 g6 12. Nf3 f6 13. O-O-O fxe5 14. Nxe5 Nxe5
15. Bxe5 Bd6 16. g5 Qe7 17. Bf6 Rxf6 18. gxf6 Qxf6 19. Rhg1 e5 20. e4 d4 21. f3
Rf8 22. Rg3 Bc8 23. Bc4+ Kg7 24. Qg2 Qf4+ 25. Kb1 Be7 26. Rg1 Qh6 27. h4 Bxh4
28. Rh1 Qf4 29. Rg4 Bxg4 30. Rxh4 Qxf3 31. Qd2 Qd1+ 0-1

[Event "Astana Zhuldyzdary Open A"]
[Site "Astana KAZ"]
[Date "2023.07.12"]
[Round "3.54"]
[White "Mukhametkali, Merey"]
[Black "Sovetbekova, Nurai"]
[Result "1/2-1/2"]
[BlackTitle "WFM"]
[WhiteElo "1923"]
[BlackElo "1823"]
[WhiteFideId "13727389"]
[BlackFideId "13801910"]
[EventDate "2023.07.11"]

1. e4 c5 2. Nf3 Nc6 3. d4 cxd4 4. Nxd4 Nf6 5. Nc3 e5 6. Ndb5 d6 7. Bg5 a6 8. Na3
b5 9. Nd5 Be7 10. Bxf6 Bxf6 11. c3 Rb8 12. Nc2 Bg5 13. h4 Bxh4 14. a4 bxa4 15.
Ncb4 Nxb4 16. cxb4 Bd7 17. Rxa4 O-O 18. Rxa6 Be7 19. Qh5 h6 20. Be2 Be6 21.
Nxe7+ Qxe7 22. Ra3 Rxb4 23. Rg3 Qf6 24. Re3 Rxb2 25. O-O Rfb8 26. Bd3 Rd2 27.
Rf3 Qe7 28. Rg3 Kh8 29. f4 exf4 30. Rxf4 Rb3 31. Rh4 Qf6 32. e5 dxe5 33. Qf3 Qd8
34. Qh5 Qf6 35. Rf3 Qd8 36. Rg3 Qf8 37. Qxe5 Rd1+ 38. Kh2 f6 1/2-1/2

[Event "Astana Zhuldyzdary Open A"]
[Site "Astana KAZ"]
[Date "2023.07.13"]
[Round "4.1"]
[White "Muradli, Mahammad"]
[Black "Makhnev, Denis"]
[Result "1/2-1/2"]
[WhiteTitle "GM"]
[BlackTitle "GM"]
[WhiteElo "2546"]
[BlackElo "2454"]
[WhiteFideId "13409301"]
[BlackFideId "13707647"]
[EventDate "2023.07.11"]

1. c4 e5 2. g3 c6 3. Nf3 e4 4. Nd4 d5 5. cxd5 Qxd5 6. Nc2 Nf6 7. Nc3 Qe5 8. Bg2
Be7 9. Ne3 Na6 10. a3 Nc7 11. Qa4 O-O 12. Nxe4 Rd8 13. O-O Nb5 14. Nxf6+ Bxf6
15. d3 Nd4 16. Re1 Qh5 17. Bd2 Nxe2+ 18. Kf1 Nd4 19. Qa5 Qxa5 20. Bxa5 Rf8 21.
Bb4 Rd8 22. Ba5 Rf8 23. Bb4 Rd8 1/2-1/2

[Event "Astana Zhuldyzdary Open A"]
[Site "Astana KAZ"]
[Date "2023.07.13"]
[Round "4.2"]
[White "Smirin, Ilia"]
[Black "Tsaruk, Maksim"]
[Result "1/2-1/2"]
[WhiteTitle "GM"]
[BlackTitle "FM"]
[WhiteElo "2595"]
[BlackElo "2393"]
[WhiteFideId "2801990"]
[BlackFideId "13511173"]
[EventDate "2023.07.11"]

1. e4 e5 2. Nf3 Nc6 3. Bb5 a6 4. Ba4 Nf6 5. O-O Be7 6. Re1 b5 7. Bb3 O-O 8. d3
d6 9. c3 Na5 10. Bc2 c5 11. Nbd2 Nc6 12. Nf1 Be6 13. Ne3 Qc7 14. Ng5 Rad8 15. a4
h6 16. Nxe6 fxe6 17. axb5 axb5 18. Ng4 d5 19. exd5 exd5 20. Ra6 Qc8 21. Rxc6
Qxc6 22. Nxe5 Qc7 23. d4 Bd6 24. Bg6 cxd4 25. cxd4 Bxe5 26. dxe5 Ne4 27. e6 Rxf2
28. Bf7+ Kh8 29. b4 Rc8 30. Be3 Rxf7 31. exf7 Qxf7 32. Rf1 Qe6 33. Bd4 Kh7 34.
Qd3 Rc4 35. Ra1 Qe7 36. Bc5 Qg5 37. h4 Qxh4 38. Qxd5 Ng3 39. Qd3+ Re4 40. Ra2
Qh1+ 41. Kf2 Qh4 42. Kg1 Qg4 43. Bf2 Nf5 44. Qxb5 Rxb4 45. Qd3 Qe4 46. Qxe4 Rxe4
47. Ra5 Kg6 48. Kf1 Kg5 49. Ra7 Kg4 50. Kg1 h5 51. Ra2 h4 52. Ra3 Rc4 53. Kh2 g5
54. Rb3 Rc2 55. Kg1 Rc4 56. Kh2 Rf4 57. Kg1 Re4 58. Kh2 Nh6 59. Kg1 Kh5 60. g3
Ng4 61. gxh4 Re2 62. Bg3 Ne3 63. Rb5 Rg2+ 64. Kh1 Rxg3 65. Rxg5+ Kxh4 66. Rxg3 1/2-1/2

[Event "Astana Zhuldyzdary Open A"]
[Site "Astana KAZ"]
[Date "2023.07.13"]
[Round "4.4"]
[White "Aditya, Mittal"]
[Black "Isanzhulov, Arystan"]
[Result "1/2-1/2"]
[WhiteTitle "GM"]
[BlackTitle "FM"]
[WhiteElo "2563"]
[BlackElo "2422"]
[WhiteFideId "35042025"]
[BlackFideId "13711644"]
[EventDate "2023.07.11"]

1. e4 c6 2. d4 d5 3. e5 Bf5 4. Nf3 e6 5. Be2 Nd7 6. O-O a6 7. Be3 Rc8 8. Nbd2 h6
9. c3 Ne7 10. Nh4 Bh7 11. f4 c5 12. Ndf3 Nf5 13. Nxf5 Bxf5 14. Bd3 g6 15. Be2 h5
16. a4 c4 17. a5 Qc7 18. Qa4 Qc6 19. Qa2 Be7 20. Rfc1 b5 21. axb6 Nxb6 22. Nd2
O-O 23. b4 cxb3 24. Qxb3 Nc4 25. Nxc4 dxc4 26. Qa2 a5 27. Qxa5 Ra8 28. d5 exd5
29. Qb6 Qxb6 30. Bxb6 Ba3 31. Rd1 Bc2 32. Re1 Bb2 33. Rxa8 Rxa8 34. Bd4 Be4 1/2-1/2